| 000 | 01635cam a2200349 i 4500 | ||
|---|---|---|---|
| 001 | 1901 | ||
| 003 | BD-RjUL | ||
| 005 | 20211208233434.0 | ||
| 008 | 160829s1977 fr r i001 0 eng | ||
| 020 | _a9230014796 | ||
| 035 | _a(BD-RjUL)1928 | ||
| 040 |
_aDLC _cDLC _dDLC _beng |
||
| 041 | 0 | _aengfre | |
| 082 | 0 | 0 |
_a021.00256 _223 _bUND 1977 |
| 110 |
_aUnesco _9152977 |
||
| 245 | 1 | 0 |
_aDirectory of documentation, libraries and archives services in Africa = Répertoire des services de documentation, de bibliothèque et d'archives d'Afrique / _cUnesco |
| 250 | _a2nd ed. / by Dominique Zidouemba ; revised and enlarged by Eric de Grolier | ||
| 260 |
_aParis : _bUnesco, _c1977. |
||
| 300 |
_a311 p. ; _c21 cm. |
||
| 490 | 1 |
_aDocumentation, libraries and archives. Bibliographies and reference works = _aDocumentation, bibliothèques et archives. Bibliographies et ouvrages de référence ; _v5 |
|
| 500 | _a"Replaces and supersedes the Directory of archives, libraries and schools of librarianship in Africa, published in 1965 ... prepared by E. W. Dadzié and J. T. Strickland." | ||
| 500 | _aIncludes indexes. | ||
| 650 | 0 |
_aLibraries _zAfrica _xDirectories. _9152964 |
|
| 650 | 0 |
_aInformation services _zAfrica _xDirectories. _9152965 |
|
| 650 | 0 |
_aArchives _zAfrica _xDirectories. _9152966 |
|
| 700 | 1 |
_aZidouemba, Dominique, ed. _9152967 |
|
| 700 | 1 |
_aGrolier, Éric de, rev. and enl. _9152968 |
|
| 700 | 1 |
_aDadzie, E. W. _tDirectory of archives, libraries, and schools of librarianship in Africa. _9152969 |
|
| 830 | 0 |
_aDocumentation, libraries and archives ; _v5. _9152978 |
|
| 942 |
_2ddc _cREF |
||
| 999 |
_c1901 _d1901 |
||